Statystyki dla Jak dobrze znasz piosenkę "Bo jesteś Ty" Krzysztofa Krawczyka?

Kliknij tutaj aby rozwiązać quiz!

Ogólne statystyki

  • Ten quiz został rozwiązany 15 razy
  • Średni wynik to 12 z 16

Statystyki odpowiedzi

TekstBrakujące słowo% Poprawnych
Ja chciałem tak zawsze ... pod wiatrbiec
100%
Cóż więcej mógłbym ...?chcieć
100%
Chciałbym tak trwać nawet ... lattysiąc
100%
Wszystko to już ... nie liczy siędziś
91%
Na zewnątrz ..., tylko ziąb i deszczmgła
91%
Znów przy ... budzisz sięmnie
91%
Gdy zaczyna się ...noc
91%
Nie liczyć dni, ... zmieniać twarzciągle
82%
Bo ... wciążjesteś
82%
I proszę zostań ...już
82%
Powietrze ma ... smakelektryczny
73%
A dla mnie świat w ciepłym świetle ...świec
64%
Już ... mamwszystko
64%
... ze mną dzieńZaczynasz
45%
Sprawić by czas wciąż ... mnieomijał
36%
I ... czuję, że...wciąż
36%

Rozkład punktacji

Percentyl według liczby udzielonych odpowiedzi

Procent ludzi z każdym wynikiem

Twoja historia wyników

Nie rozwiązałeś tego quizu